| 000 | 01280nam a2200217Ia 4500 | ||
|---|---|---|---|
| 001 | L208-27096 | ||
| 003 | IT-CnALBA | ||
| 008 | 170116s9999||||xx |||||||||||||| ||und|| | ||
| 040 |
_aIT-CnALBA _cIT-CnALBA |
||
| 041 | _aITALIANO | ||
| 100 | _aBONAVENTURA DA BAGNOREGIO, SANTO | ||
| 245 | 0 | _aLETTURE PATRISTICHE. VOL. IV. SCHEDE PER LA CELEBRAZIONE DELLA PAROLA. MEDITAZIONE PERSONALE. PREPARAZIONE DELL'O | |
| 250 | _a1a ed. | ||
| 260 |
_a ROMA, PADOVA _bCAL, EMP COEDITORI _c1970 [1° Ed.:1970 - Ed.Ling.Originale: 1970] |
||
| 500 | _aTRADUZIONE DAL FRANCESE. 56 SCHEDE. INDICE SANTI E SANTE, PROPRIO DEL TEMPO. SANTORALE. COMUNE DEI SANTI. ANALITICO. PERICOPE BIBLICHE. AUTORI. VIA DELLE SCRITTURE. MEMBRA DEL CORPO MISTICO. MISTERO DELLA CHIESA. LA VERGINE E IL DONO DI DIO. PRIMO ESSERE | ||
| 501 | _aSocietà San Paolo EM - Piazza San Paolo, 14 - 12051 ALBA (CN) (non commercial uses only) ® Copyright 2017 | ||
| 520 | _aTRADUZIONE DAL FRANCESE. 56 SCHEDE. INDICE SANTI E SANTE, PROPRIO DEL TEMPO. SANTORALE. COMUNE DEI SANTI. ANALITICO. PERICOPE BIBLICHE. AUTORI. VIA DELLE SCRITTURE. MEMBRA DEL CORPO MISTICO. MISTERO DELLA CHIESA. LA VERGINE E IL DONO DI DIO. PRIMO ESSERE | ||
| 650 | _aPADRI E SCRITTORI ECCLESIASTICI | ||
| 942 | _cBK | ||
| 957 | _71 | ||
| 999 |
_a31884 _bNO _g Copie: 1 _c286198 _d286198 |
||